Modra - Harmónia restaurácia
Zobrazenie: Pohľad na letnú záhradu so stolami a stoličkami pod stromami. V pozadí je budova reštaurácie. Vľavo pod stromami je rad troch lámp
| Format: | Postcard |
|---|---|
| Language: | Slovak German |
| PhysicalDescription: | 1 pohľadnica tónovaná do modra 9 x 14 cm |
| Published: |
Modra
Samuel May
[1926?]
|
| Subjects: |
MARC
| LEADER | 00000nkm a2200000 a 4500 | ||
|---|---|---|---|
| 001 | vtls011960528 | ||
| 003 | SK-MaSNL | ||
| 005 | 20260512130027.0 | ||
| 007 | kp ao | ||
| 008 | 240703q1926 xo g kuslo | ||
| 015 | |a SNBG1926 | ||
| 035 | |a urn:nbn:sk:snk-km00eanl | ||
| 035 | |a urn:nbn:sk:snk-km43gim | ||
| 035 | |a C998DAF1-52A8-4D68-893C-1DE5CC7DBB62 | ||
| 040 | |a SNK |b slo |c SNK |e AACR2 | ||
| 041 | 0 | |a slo |a ger | |
| 043 | |a e-xo--- | ||
| 044 | |a xo |c SK | ||
| 072 | 7 | |a 913 |x Regionálna geografia |2 konspekt | |
| 080 | |a 913(437.6) |2 2011 | ||
| 080 | |a (084.121) |2 2011 | ||
| 080 | |a 640.43 |2 2011 | ||
| 245 | 0 | 0 | |a Modra - Harmónia |h grafika |b restaurácia |
| 246 | 3 | 1 | |a Modra - Harmónia |b Restauration |
| 246 | 3 | 3 | |a Modra - Harmónia |b reštaurácia |
| 260 | |a Modra |b Samuel May |c [1926?] | ||
| 300 | |a 1 pohľadnica |b tónovaná do modra |c 9 x 14 cm | ||
| 520 | 8 | |a Zobrazenie: Pohľad na letnú záhradu so stolami a stoličkami pod stromami. V pozadí je budova reštaurácie. Vľavo pod stromami je rad troch lámp | |
| 546 | |a Súbežný podnázov v nemčine | ||
| 650 | 0 | 7 | |a reštaurácie |2 SNKPH |9 23080 |
| 651 | 7 | |a Harmónia (Modra, Slovensko) |2 SNKPHgeo |9 263372 | |
| 655 | 7 | |a miestne pohľadnice |2 SNKPH |9 70510 | |
| 852 | |a Slovenská národná knižnica | ||
| 958 | |a EUIPO | ||
| 958 | |a GBN | ||
| 958 | |a GC | ||
| 958 | |a OND | ||
| 999 | |c 1122685 |d 1124615 | ||
| 952 | |a SNK |b SNK |y PREZ |7 0 |p 17A1378318 |o snkSP 117577 |z Pohľadnica prešla poštou. |0 0 |1 0 |4 0 |d 2020-05-12 |f 1 |l 0 |r 2026-02-24 18:36:23 |w 2026-02-24 | ||


